| 000 | 01094cam a2200313 i 4500 | ||
|---|---|---|---|
| 001 | 37652 | ||
| 003 | Mx-PuUPA | ||
| 005 | 20260226102615.0 | ||
| 008 | 140415s1975 mx gr 000 0 spa d | ||
| 040 |
_aMx-PuUPA _bspa _cMx-PuUPA _dMx-PuUPA _erda |
||
| 041 | 0 | _aspa | |
| 043 | _an-mx--- | ||
| 100 | 1 |
_aLópez-Portillo y Rojas, José, _eautor _d1850-1923 _917854 |
|
| 245 | 1 | 0 |
_aElevación y caida de Porfirio Díaz / _cpor José López-Portillo y Rojas ; con el prólogo del Sr. Lic. D. Atenedoro Monroy |
| 250 | _aSegunda edición | ||
| 264 | 1 |
_aMéxico, D.F. : _bEditorial Porrúa, _c©1975 |
|
| 300 |
_a502 páginas ; _c24 cm |
||
| 336 |
_2rdacontent _atexto _btxt |
||
| 337 |
_2rdamedia _asin medio _bn |
||
| 338 |
_2rdacarrier _avolumen _bnc |
||
| 490 | 0 |
_aBiblioteca Porrúa ; _v63 |
|
| 600 | 1 | 4 |
_aDíaz, Porfirio, _d1830-1915 |
| 651 | 4 |
_aMéxico _xHistoria _y1867-1910 |
|
| 651 | 4 |
_aMéxico _xPolítica y gobierno _y1867-1910 |
|
| 700 | 1 |
_aMonroy, Atenedoro, _eprologuista |
|
| 942 |
_2ddc _cLI _h972.0814 _iL25 |
||
| 999 |
_c37652 _d37652 |
||